| 000 | 00741nam a22002057a 4500 | ||
|---|---|---|---|
| 999 |
_c62160 _d62160 |
||
| 005 | 20240724172432.0 | ||
| 008 | 240724s1997 ge ||||| |||| 00| 0 ger d | ||
| 020 | _a9783423033459 X | ||
| 080 | _a821.112.2.09 B-78 | ||
| 100 |
_aBorries, Erika _922934 |
||
| 245 |
_aDeutsche Literaturgeschichte Band 5: _bRomantik / _c Erik Borries, Ernst Borries |
||
| 264 |
_aMünchen : _bDeutscher Taschenbuch Verlag, _c1997. |
||
| 300 |
_a447 p.: _b20 cm. |
||
| 440 |
_a Dtv _922940 |
||
| 653 | _aDeutsche Literaturgeschichte | ||
| 653 | _aRomantik | ||
| 653 | _aგერმანული ლიტერატურის ისტორია რომანტიკა | ||
| 700 |
_a Borries, Ernst _922939 |
||
| 942 |
_2udc _cᲬᲘᲒᲜᲘ |
||